000 00542nam a2200205Ia 4500
005 20250508165448.0
008 008 250505s9999 xx 000 0 hin d
020 _a81-7055-819-0
037 _aTextual
040 _aFEDL
_beng
_cFEDL
041 _ahin
_2hin
084 _a891.433, MAI
_qFEDL
100 _aMaitreyee Pushpa
_9406341
245 0 _aAganpaakhi
260 _aNew Delhi, India
_bVani Prakashan
_c2008
300 _a175p.
365 _aINR
_b345
942 _cTEXL
_h891.433, MAI
999 _c1395228
_d1395228